00590nam a2200133Ia 4500008004100000100002600041245005900067245017500126260005300301260001800354300000800372650001500380856006100395170221s9999 xx 000 0 und d aValentina A. Komelina aFeatures of Students’ Economic Competence Formation  cValentina A. Komelina, Zulfiya N. Mirzagalyamova, Lyaisan B. Gabbasova, Yuliya S. Rod, Malika L. Slobodyan, Svetlana A. Esipova, Sergei Y. Lavrentiev, Guzyal M. Kharisova bInternational Review of Management and Marketing cNovember 2014 a3:4 xMarketing. uhttp://www.econjournals.com/index.php/irmm/issue/view/64